| 000 -LEADER |
| fixed length control field |
01068nam a22002297a 4500 |
| 003 - CONTROL NUMBER IDENTIFIER |
| control field |
OSt |
| 005 - DATE AND TIME OF LATEST TRANSACTION |
| control field |
20251027102449.0 |
| 008 - FIXED-LENGTH DATA ELEMENTS--GENERAL INFORMATION |
| fixed length control field |
251027b ||||| |||| 00| 0 eng d |
| 020 ## - INTERNATIONAL STANDARD BOOK NUMBER |
| International Standard Book Number |
9781529120264 |
| 040 ## - CATALOGING SOURCE |
| Transcribing agency |
KH8 |
| 082 ## - DEWEY DECIMAL CLASSIFICATION NUMBER |
| Classification number |
FIC PAT |
| 100 ## - MAIN ENTRY--PERSONAL NAME |
| Personal name |
Ptterson, James, |
| Relator term |
author. |
| 245 ## - TITLE STATEMENT |
| Title |
Middle School : |
| Remainder of title |
Million Dollar Mess / |
| Statement of responsibility, etc. |
James Patterson and Martin Chatterton. |
| 260 ## - PUBLICATION, DISTRIBUTION, ETC. |
| Place of publication, distribution, etc. |
United Kingdom ; |
| Name of publisher, distributor, etc. |
Penguin Random House , |
| Date of publication, distribution, etc. |
2024. |
| 300 ## - PHYSICAL DESCRIPTION |
| Extent |
238 pages : |
| Other physical details |
illustrations ; |
| Dimensions |
20 cm. |
| 490 ## - SERIES STATEMENT |
| Series statement |
Middle School |
| 520 ## - SUMMARY, ETC. |
| Summary, etc. |
I'm rich!<br/>Me, Rafe Khatchadorian: a millionaire!<br/>Yup, my family inherited A MILLION DOLLARS, and we're moving to sunny, ritzy Beverly Hills, California!<br/>Except, it turns out... our new 'masion' is more like a SHACK, I'm the NEW KID in a snobby SCHOOL, and there are more RULES and BULLIES than ever.<br/>I need to find a way to turn tras back into treasure, or I'll be a LOSER in more ways than one! |
| 650 ## - SUBJECT ADDED ENTRY--TOPICAL TERM |
| Topical term or geographic name entry element |
middle school |
| Form subdivision |
school life |
| 700 ## - ADDED ENTRY--PERSONAL NAME |
| Personal name |
Chatterton, Martin, |
| Relator term |
author. |
| 830 ## - SERIES ADDED ENTRY--UNIFORM TITLE |
| Uniform title |
Middle School |
| 942 ## - ADDED ENTRY ELEMENTS (KOHA) |
| Source of classification or shelving scheme |
|
| Koha item type |
Books - Fiction |